Entry Konu Terimi
001 - KONTROL NUMARASI
- Kontrol alanı: 13830
003 - KONTROL NUMARASI KİMLİĞİ
- Kontrol alanı: TR-BiSEU
005 - SON İŞLEM TARİHİ VE ZAMANI
- Kontrol alanı: 20260207001455.0
008 - SABİT UZUNLUKTAKİ VERİ ÖGELERİ - GENEL BİLGİ
- Sabit uzunlukta kontrol alanı: 260207|| aca||aabn | a|a d
040 ## - KATALOGLAMA KAYNAĞI
- Özgün kataloglama kurumu: TR-BiSEU
- Çeviri kurumu: TR-BiSEU
150 ## - KONU BAŞLIKLARI - KONU TERİMİ
- Konu terimi: Geneçler--Yaşama bağlılık--Problemler alıştırmalar vb
670 ## - BİLGİNİN KAYNAĞI
- Bilginin alındığı kaynak: KOHA: (TR-BiSEU)5694: Canfield, Jack. 13828, Tavuk suyuna çorba -gençlerin yüreğini ısıtacak öyküler :gençlerin yüreklerini ısıtacak 59 öykü/
